Jews in business and their representation in German literature, 1827-1934 (Record no. 110422)
[ view plain ]
| 000 -LEADER | |
|---|---|
| fixed length control field | 02023nam a2200397 a 4500 |
| 082 04 - DEWEY DECIMAL CLASSIFICATION NUMBER | |
| Classification number | 830.9/3529924 |
| 100 1# - MAIN ENTRY--AUTHOR NAME | |
| Personal name | Ward, John, |
| 245 10 - TITLE STATEMENT | |
| Title | Jews in business and their representation in German literature, 1827-1934 |
| 260 ## - PUBLICATION, DISTRIBUTION, ETC. (IMPRINT) | |
| Place of publication | New York : |
| Name of publisher | Peter Lang, |
| Year of publication | c2010. |
| 300 ## - PHYSICAL DESCRIPTION | |
| Number of Pages | viii, 250 p. |
| 490 1# - SERIES STATEMENT | |
| Series statement | British and Irish studies in German language and literature ; |
| 505 0# - FORMATTED CONTENTS NOTE | |
| Formatted contents note | Introduction -- The Hoffaktor : a necessary evil? -- Citizens and conmen -- Heimatkunst and Hauptstadt : the portrayal of urban and rural Jewish business people in the literature of the late nineteenth century -- The challenge of the Jewish commercial spirit in the early writing of Heinrich Mann -- Responses to anti-Semitism by Jewish and non-Jewish authors -- Conclusion. |
| 650 #0 - SUBJECT ADDED ENTRY--TOPICAL TERM | |
| Topical Term | German literature |
| Topical Term | German literature |
| Topical Term | Jews in literature. |
| Topical Term | Businessmen in literature. |
| Topical Term | Antisemitism in literature. |
| 856 40 - ELECTRONIC LOCATION AND ACCESS | |
| Uniform Resource Identifier | http://site.ebrary.com/lib/rucke/Doc?id=10600392 |
No items available.
